Primeras Jornadas de Arqueología en las Ciudades Actuales (Record no. 84815)

MARC details
000 -LEADER
campo de control de longitud fija 00810nam a2200169 i 4500
001 - NÚMERO DE CONTROL
campo de control 84815
003 - IDENTIFICADOR DE NÚMERO DE CONTROL
campo de control ES-MaACL
005 - FECHA Y HORA DE LA ÚLTIMA TRANSACCIÓN
campo de control 20230906175120.0
007 - CAMPO FIJO DE DESCRIPCIÓN FÍSICA--INFORMACIÓN GENERAL
campo de control de longitud fija t|
008 - DATOS DE LONGITUD FIJA--INFORMACIÓN GENERAL
campo de control de longitud fija 041124s1983 sp ||||1| spa d
111 2# - ENTRADA PRINCIPAL--NOMBRE DE CONGRESO/REUNIÓN
Nombre de congreso/reunión o jurisdicción como elemento de entrada Jornadas de Arqueología en la Ciudades Actuales (
Número del congreso/reunión o número de parte o sección 1ª.
Fecha del congreso o de la firma del tratado 1983.
Sede del congreso/Lugar de la reunión Zaragoza)
9 (RLIN) 780
245 10 - MENCIÓN DEL TÍTULO
Título Primeras Jornadas de Arqueología en las Ciudades Actuales
Resto del título : Zaragoza, 14, 15 y 16 de enero de 1983 /
Mención de responsabilidad, etc. organizada por la Delegación de Patrimonio Histórico-Artístico del Excmo. Ayuntamiento de Zaragoza.
260 ## - PUBLICACIÓN, DISTRIBUCIÓN, ETC.
Lugar de publicación, distribución, etc. Zaragoza :
Nombre del editor, distribuidor, etc. Ayuntamiento de Zaragoza, Delegación de Patrimonio Histórico Artístico,
Fecha de publicación, distribución, etc. 1983.
300 ## - DESCRIPCIÓN FÍSICA
Extensión 192 p. :
Otras características físicas il. ;
Dimensiones 27 cm.
710 1# - ENTRADA AGREGADA--NOMBRE DE ENTIDAD CORPORATIVA
Nombre de entidad corporativa o nombre de jurisdicción como elemento de entrada Zaragoza.
Unidad subordinada Ayuntamiento.
-- Delegación de Patrimonio Histórico Artístico.
9 (RLIN) 7584
852 ## - LOCALIZACIÓN
Ubicación ES-MaACL
Número de control de estantería L-5457
Sublocalización o colección R.105511
Holdings
Estatus retirado Estado de pérdida Estado de daño No para préstamo Biblioteca de origen Biblioteca actual Ubicación en estantería Fecha de adquisición Fuente de adquisición Total de préstamos Signatura topográfica completa Código de barras Visto por última vez Precio de reemplazo Tipo de ítem Koha
        Biblioteca del Ateneo de Madrid Biblioteca del Ateneo de Madrid Depósito 2 17/01/2008     L-5457 1088636 23/02/2023 23/02/2023 Libro impreso